Loading...
| History - European | 0 | 5 | 1 | 1 | 45 | 35 | 77.80 | 2 | 2 | 0.00 | 0.00 |
| History - Other | 0 | 4 | 0 | 0 | 40 | 78 | 92.75 | 1 | 2 | 0.00 | 0.00 |
| Social Science | 0 | 4 | 1 | 0 | 35 | 84 | 99.25 | 1 | 2 | 0.00 | 0.00 |
| Religion | 0 | 4 | 2 | 1 | 30 | 33 | 78.50 | 2 | 3 | 0.00 | 0.00 |
| Science - Biology | 0 | 3 | 0 | 0 | 30 | 26 | 68.67 | 1 | 1 | 0.00 | 0.00 |
| Mythology | 0 | 3 | 1 | 0 | 25 | 86 | 96.33 | 1 | 1 | 0.00 | 0.00 |
| Science - Other | 0 | 3 | 1 | 1 | 25 | 86 | 105.67 | 0 | 1 | 0.00 | 0.00 |
| Other Academic | 0 | 2 | 0 | 0 | 20 | 62 | 89.50 | 0 | 0 | 0.00 | 0.00 |
| Literature - British | 0 | 2 | 0 | 0 | 20 | 58 | 95.50 | 0 | 1 | 0.00 | 0.00 |
| Philosophy | 0 | 2 | 1 | 0 | 15 | 52 | 92.00 | 1 | 1 | 0.00 | 0.00 |
| History - American | 0 | 2 | 1 | 0 | 15 | 34 | 70.50 | 1 | 2 | 0.00 | 0.00 |
| Geography | 0 | 1 | 0 | 0 | 10 | 69 | 69.00 | 1 | 1 | 0.00 | 0.00 |
| Fine Arts - Other | 0 | 1 | 0 | 0 | 10 | 75 | 75.00 | 1 | 1 | 0.00 | 0.00 |
| Literature - European | 0 | 0 | 0 | 0 | 0 | 0.00 | 0 | 0 | 0.00 | 0.00 | |
| Science - Physics | 0 | 0 | 1 | 0 | -5 | 0.00 | 0 | 0 | 0.00 | 0.00 | |
| History - World | 0 | 1 | 3 | 0 | -5 | 60 | 60.00 | 0 | 1 | 0.00 | 0.00 |